[Event "Belp op"]
[Site "Belp"]
[Date "2015.05.25"]
[Round "5"]
[White "Naegelin, Luis"]
[Black "Olivier, Jeremy"]
[Result "0-1"]
[WhiteElo "1854"]
[BlackElo "1562"]
[PlyCount "82"]
[EventDate "2015.05.23"]
[EventType "swiss"]
[EventRounds "5"]
[EventCountry "SUI"]
[SourceTitle "EXT 2016"]
[Source "ChessBase"]
[SourceDate "2015.10.08"]
[SourceVersion "1"]
[SourceVersionDate "2015.10.08"]
[SourceQuality "1"]

1. e4 e5 2. Nf3 Nc6 3. d4 exd4 4. Nxd4 Bc5 5. Be3 Qf6 6. c3 Nge7 7. Be2 Bb6 8. 0-0 0-0 9. Na3 Qg6 10. Bd3 Ne5 11. f4 Nxd3 12. Qxd3 d5 13. f5 dxe4 14. Qxe4 Qf6 15. Nac2 Re8 16. Qf3 c5 17. Nb3 Nxf5 18. Bxc5 Bxc5+ 19. Nxc5 Qb6 20. b4 Be6 21. Kh1 Nd6 22. Rfe1 Bf5 23. Nd4 Bg6 24. h4 h5 25. Ne2 Qd8 26. Nxb7 Qxh4+ 27. Kg1 Be4 28. Nxd6 Bxf3 29. Nxe8 Rxe8 30. gxf3 Qg5+ 31. Kf2 h4 32. Nd4 Rc8 33. Re3 Qg3+ 34. Ke2 h3 35. Kd2 h2 36. Ree1 Qc7 37. Rac1 Qf4+ 38. Kc2 g6 39. Re2 Qxd4 40. Re8+ Rxe8 41. cxd4 Rc8+ 0-1